Investment opportunities in Asean countries

Uloženo v:
Podrobná bibliografie
Hlavní autor: Dar, Usha
Médium: Kniha
Jazyk:Undetermined
Vydáno: New Delhi Sterling Publishers Pvt Ltd 1979
Témata:
Tagy: Přidat tag
Žádné tagy, Buďte první, kdo otaguje tento záznam!
Thư viện lưu trữ: Trung tâm Học liệu Trường Đại học Cần Thơ
LEADER 00529nam a2200193Ia 4500
001 CTU_92103
008 210402s9999 xx 000 0 und d
082 |a 332 
082 |b D213 
100 |a Dar, Usha 
245 0 |a Investment opportunities in Asean countries 
245 0 |c Usha Dar, Pratap K. Dar 
260 |a New Delhi 
260 |b Sterling Publishers Pvt Ltd 
260 |c 1979 
650 |a investment 
650 |z asia, southeastern 
904 |i Bằng 
980 |a Trung tâm Học liệu Trường Đại học Cần Thơ